[Event "AUT-chT2W 1011"]
[Site "Austria"]
[Date "2010.10.16"]
[Round "2.5"]
[White "Azad, Razik"]
[Black "Huber, David"]
[Result "1-0"]
[WhiteElo "2138"]
[BlackElo "2142"]
[PlyCount "74"]
[EventDate "2010.10.15"]
[EventType "team-tourn"]
[EventRounds "11"]
[EventCountry "AUT"]
[SourceTitle "EXT 2011"]
[Source "ChessBase"]
[SourceDate "2010.11.26"]
[SourceVersion "1"]
[SourceVersionDate "2010.11.26"]
[SourceQuality "1"]
[WhiteTeam "Mozart"]
[BlackTeam "Schwarzach"]
[WhiteTeamCountry "AUT"]
[BlackTeamCountry "AUT"]

1. e4 Nc6 2. Nf3 f5 3. exf5 d5 4. Bb5 Bxf5 5. Ne5 Qd6 6. d4 Nf6 7. 0-0 Nd7 8. Bxc6 bxc6 9. Bf4 Nxe5 10. Bxe5 Qg6 11. Nc3 e6 12. Bxc7 Be7 13. Qd2 0-0 14. Rac1 Rf7 15. Be5 c5 16. Ne2 cxd4 17. Nxd4 Be4 18. f3 Bg5 19. f4 Bf6 20. Bxf6 Qxf6 21. Rf2 Raf8 22. Rcf1 Qg6 23. Nc6 Qh5 24. c3 Rc8 25. Ne5 Rb7 26. Qd4 Rcb8 27. c4 a5 28. b3 Rc8 29. c5 Rb4 30. Qd3 a4 31. Qc3 Rb5 32. b4 Qf5 33. a3 Rd8 34. Nc6 Rd7 35. Nd4 Qf6 36. Nxb5 d4 37. Qd2 Bc6 1-0

[Event "Neumarkt am Wallersee op 09th"]
[Site "Neumarkt am Wallersee"]
[Date "2010.08.28"]
[Round "8"]
[White "Azad, Razik"]
[Black "Wiesner, Hans Dieter"]
[Result "1-0"]
[WhiteElo "2138"]
[BlackElo "2059"]
[PlyCount "113"]
[EventDate "2010.08.21"]
[EventType "swiss"]
[EventRounds "9"]
[EventCountry "AUT"]
[SourceTitle "CBM 138 Extra"]
[Source "ChessBase"]
[SourceDate "2010.10.29"]
[SourceVersion "1"]
[SourceVersionDate "2010.10.29"]
[SourceQuality "1"]

1. e4 e6 2. d4 d5 3. Nd2 dxe4 4. Nxe4 Bd7 5. Nf3 Bc6 6. Bd3 Nd7 7. Qe2 Be7 8. 0-0 Ngf6 9. Ne5 Bxe4 10. Bxe4 Nxe4 11. Qxe4 c6 12. Qg4 Bf6 13. Rd1 Nb6 14. c4 Qe7 15. Be3 0-0 16. b3 Rfd8 17. Rd2 Nd7 18. Nf3 Nf8 19. Rad1 a5 20. h4 a4 21. h5 axb3 22. axb3 Ra3 23. Rd3 Rda8 24. Bg5 Ra1 25. h6 Rxd1+ 26. Rxd1 g6 27. Qf4 Bxg5 28. Nxg5 Ra5 29. Ne4 Rf5 30. Qe3 Qh4 31. g3 Qh3 32. Ra1 Rh5 33. Nf6+ Kh8 34. Nxh5 Qxh5 35. Ra8 Kg8 36. Qf4 f5 37. Rb8 g5 38. Qe5 Qxh6 39. Rxb7 Qg6 40. b4 h5 41. d5 h4 42. Kg2 hxg3 43. Kxg3 Qh6 44. Qc7 Qh4+ 45. Kg2 Qg4+ 46. Qg3 Qe4+ 47. Kh2 Qxc4 48. Qxg5+ Kh8 49. Kh3 Qc3+ 50. Qg3 Qf6 51. Qh4+ Qxh4+ 52. Kxh4 Ng6+ 53. Kg5 Ne5 54. Kf6 Nd3 55. dxe6 f4 56. Kf5 Kg8 57. f3 1-0

[Event "Neumarkt am Wallersee op 09th"]
[Site "Neumarkt am Wallersee"]
[Date "2010.08.25"]
[Round "5"]
[White "Spiesberger, Gerhard"]
[Black "Azad, Razik"]
[Result "0-1"]
[WhiteElo "2127"]
[BlackElo "2138"]
[PlyCount "108"]
[EventDate "2010.08.21"]
[EventType "swiss"]
[EventRounds "9"]
[EventCountry "AUT"]
[SourceTitle "CBM 138 Extra"]
[Source "ChessBase"]
[SourceDate "2010.10.29"]
[SourceVersion "1"]
[SourceVersionDate "2010.10.29"]
[SourceQuality "1"]

1. e4 c5 2. c3 d5 3. exd5 Qxd5 4. d4 Nf6 5. Nf3 Bg4 6. Nbd2 cxd4 7. cxd4 Nc6 8. Bc4 Qd6 9. Qb3 e6 10. 0-0 Be7 11. Qxb7 0-0 12. Qa6 Rfd8 13. Bb5 Bxf3 14. Nxf3 Nxd4 15. Nxd4 Qxd4 16. Qa4 Bc5 17. Qxd4 Bxd4 18. Rb1 Rab8 19. a4 Nd5 20. Bd2 Nc7 21. Ba5 Bb6 22. Bxb6 Rxb6 23. Bc4 Rdb8 24. Rfd1 Kf8 25. Rd7 Rc6 26. Bf1 Ke8 27. Rd2 a5 28. f3 Ke7 29. Kf2 Rb4 30. b3 Rc3 31. Rd3 Rc2+ 32. Ke1 Nd5 33. Rd2 Rc3 34. Rd3 Rc7 35. Kd2 Rcb7 36. Kc2 Rh4 37. Kb2 Rxa4 38. Rc1 Rab4 39. Re1 Kd6 40. Re4 a4 41. Rxb4 Rxb4 42. Be2 Rxb3+ 43. Rxb3 axb3 44. Kxb3 Kc5 45. Bd3 h6 46. Bh7 f5 47. Bg8 e5 48. g4 fxg4 49. fxg4 Kd4 50. h4 g5 51. hxg5 hxg5 52. Be6 Ke4 53. Kc2 Ne3+ 54. Kd2 Kf4 0-1

[Event "AUT-ch U18"]
[Site "Velden"]
[Date "2010.03.30"]
[Round "5"]
[White "Azad, Razik"]
[Black "Stagl, Marco"]
[Result "1/2-1/2"]
[WhiteElo "2117"]
[BlackElo "2005"]
[PlyCount "79"]
[EventDate "2010.03.28"]
[EventType "swiss"]
[EventRounds "7"]
[EventCountry "AUT"]
[SourceTitle "CBM 135 Extra"]
[Source "ChessBase"]
[SourceDate "2010.05.04"]
[SourceVersion "1"]
[SourceVersionDate "2010.05.04"]
[SourceQuality "1"]

1. e4 d5 2. exd5 Nf6 3. Bb5+ Bd7 4. Be2 Nxd5 5. d4 Bf5 6. c4 Nb6 7. Nf3 e6 8. 0-0 Nc6 9. Be3 Be7 10. Nc3 Bf6 11. h3 0-0 12. Qd2 h6 13. a3 Na5 14. Ne4 Nb3 15. Nxf6+ Qxf6 16. Qc3 Nxa1 17. Rxa1 Rfd8 18. Ne5 a5 19. Bf3 c6 20. Ng4 Bxg4 21. hxg4 Rd7 22. d5 Qxc3 23. bxc3 Nxc4 24. dxc6 bxc6 25. Bxc6 Nxe3 26. Bxd7 Nxg4 27. c4 Ne5 28. Bb5 Rc8 29. Rc1 Rc5 30. Kf1 Kf8 31. Ke2 Ke7 32. Ke3 Nd7 33. Kd4 e5+ 34. Kc3 Rc7 35. Bxd7 Kxd7 36. Rd1+ Ke6 37. Rd5 Ra7 38. Rd8 Rc7 39. Rd5 Ra7 40. Rd8 1/2-1/2

[Event "AUT-chT2W 0910"]
[Site "Austria"]
[Date "2010.03.13"]
[Round "10.5"]
[White "Kanonier, Clemens"]
[Black "Azad, Razik"]
[Result "0-1"]
[WhiteElo "2100"]
[BlackElo "2091"]
[PlyCount "42"]
[EventDate "2009.10.23"]
[EventType "team-tourn"]
[EventRounds "11"]
[EventCountry "AUT"]
[SourceTitle "EXT 2011"]
[Source "ChessBase"]
[SourceDate "2010.11.26"]
[SourceVersion "1"]
[SourceVersionDate "2010.11.26"]
[SourceQuality "1"]
[WhiteTeam "Dornbirn"]
[BlackTeam "Salzburg Sued"]
[WhiteTeamCountry "AUT"]
[BlackTeamCountry "AUT"]

1. e4 e5 2. d4 exd4 3. Qxd4 Nc6 4. Qe3 d6 5. Nc3 g6 6. Bd2 Bg7 7. 0-0-0 Be6 8. Nd5 Nf6 9. Bc4 Ne5 10. Bb3 Bxd5 11. exd5 0-0 12. f4 Ned7 13. Ne2 Re8 14. Qf3 Ne4 15. Be1 Ndc5 16. Nd4 Qd7 17. g4 a5 18. Bc4 Qa4 19. Qf1 Bxd4 20. Rxd4 b5 21. b3 Qxa2 0-1

[Event "AUT-ch U16"]
[Site "Fuerstenfeld"]
[Date "2009.04.09"]
[Round "6"]
[White "Schnegg, Daniel"]
[Black "Azad, Razik"]
[Result "1/2-1/2"]
[WhiteElo "2082"]
[BlackElo "2061"]
[PlyCount "137"]
[EventDate "2009.04.06"]
[EventType "swiss"]
[EventRounds "7"]
[EventCountry "AUT"]
[SourceTitle "EXT 2011"]
[Source "ChessBase"]
[SourceDate "2010.11.26"]
[SourceVersion "1"]
[SourceVersionDate "2010.11.26"]
[SourceQuality "1"]

1. e4 e5 2. Nf3 Nc6 3. Bb5 a6 4. Ba4 Nf6 5. 0-0 Be7 6. Re1 b5 7. Bb3 0-0 8. c3 d6 9. h3 Na5 10. Bc2 c5 11. d4 cxd4 12. cxd4 Qc7 13. b3 Nc6 14. Na3 Nb4 15. Bb1 Re8 16. Bb2 Bf8 17. Qd2 Nc6 18. Rc1 Qb7 19. d5 Ne7 20. Qa5 Bd7 21. Rc7 Qb8 22. Bd3 Ng6 23. Rac1 Nf4 24. Qd2 Ra7 25. Rxa7 Qxa7 26. Re1 Nxd3 27. Qxd3 Rc8 28. Nc2 Nh5 29. Ne3 Nf4 30. Qd2 Be7 31. Ba3 Kf8 32. h4 a5 33. g3 b4 34. Bb2 Nh5 35. Qe2 g6 36. Nd2 a4 37. Nec4 Nxg3 38. Qf3 Nh5 39. Bc1 Kg8 40. Nf1 Bb5 41. Be3 Qa6 42. Nfd2 Bxh4 43. Qg4 Be7 44. Bg5 Bf8 45. Kh2 Qa7 46. Rg1 Bd7 47. Qf3 Qc7 48. Be3 Bg7 49. bxa4 Ra8 50. Bb6 Qb8 51. a5 Qf8 52. Be3 Bb5 53. Rb1 Qe7 54. Rxb4 Bd7 55. Kg1 Nf4 56. Bxf4 exf4 57. Qxf4 Bc3 58. Rb3 Bxd2 59. Nxd2 Rxa5 60. a3 Bb5 61. Rc3 Kg7 62. Rh3 h5 63. Qe3 Bd7 64. Rg3 Rc5 65. Nb3 Rc4 66. Nd2 Rc1+ 67. Nf1 Rc4 68. Nd2 Rc1+ 69. Nf1 1/2-1/2

[Event "AUT-chT2W 0809"]
[Site "Austria"]
[Date "2009.03.08"]
[Round "11.6"]
[White "Sandholzer, Robert"]
[Black "Azad, Razik"]
[Result "1-0"]
[WhiteElo "2107"]
[BlackElo "2027"]
[PlyCount "83"]
[EventDate "2008.10.17"]
[EventType "tourn"]
[EventRounds "11"]
[EventCountry "AUT"]
[SourceTitle "EXT 2010"]
[Source "ChessBase"]
[SourceDate "2010.11.25"]
[SourceVersion "1"]
[SourceVersionDate "2010.11.25"]
[SourceQuality "1"]
[WhiteTeam "Hohenems II"]
[BlackTeam "Salzburg Sued"]
[WhiteTeamCountry "AUT"]
[BlackTeamCountry "AUT"]

1. e4 c5 2. Nf3 d6 3. Bb5+ Bd7 4. Bxd7+ Qxd7 5. c4 Nc6 6. 0-0 Ne5 7. d3 Nf6 8. Nc3 e6 9. a3 Be7 10. b4 b6 11. Bb2 0-0 12. Qe2 Rfd8 13. b5 Qc7 14. Nd2 Rd7 15. f4 Ng6 16. Nb3 Rad8 17. a4 Kh8 18. a5 Ng8 19. axb6 axb6 20. g3 Bf6 21. Ra6 N8e7 22. h4 Bxc3 23. Bxc3 d5 24. h5 dxc4 25. dxc4 Rd3 26. Rf3 Rd1+ 27. Kg2 Nf8 28. h6 f6 29. Nd2 Rc1 30. Rd3 Kg8 31. hxg7 Kxg7 32. Nf3 Nfg6 33. Rxd8 Qxd8 34. Bxf6+ Kxf6 35. Qb2+ e5 36. fxe5+ Nxe5 37. Qxe5+ Kf7 38. Qf4+ Kg7 39. Qxc1 Qd3 40. Qg5+ Ng6 41. Ra7+ Kg8 42. Qd5+ 1-0

[Event "AUT-chT2W 0809"]
[Site "Austria"]
[Date "2009.03.07"]
[Round "10.6"]
[White "Azad, Razik"]
[Black "Karrer, Damian"]
[Result "1-0"]
[WhiteElo "2027"]
[BlackElo "2020"]
[PlyCount "75"]
[EventDate "2008.10.17"]
[EventType "tourn"]
[EventRounds "11"]
[EventCountry "AUT"]
[SourceTitle "EXT 2010"]
[Source "ChessBase"]
[SourceDate "2010.11.25"]
[SourceVersion "1"]
[SourceVersionDate "2010.11.25"]
[SourceQuality "1"]
[WhiteTeam "Salzburg Sued"]
[BlackTeam "Dornbirn"]
[WhiteTeamCountry "AUT"]
[BlackTeamCountry "AUT"]

1. e4 c5 2. Nf3 Nc6 3. d4 cxd4 4. Nxd4 Nf6 5. Nc3 e5 6. Ndb5 d6 7. Bg5 a6 8. Na3 b5 9. Nd5 Be7 10. Bxf6 Bxf6 11. c4 b4 12. Nc2 a5 13. g3 0-0 14. h4 a4 15. Ndxb4 Nxb4 16. Nxb4 Qa5 17. a3 Rb8 18. Bd3 Bd8 19. 0-0 Bd7 20. Be2 Bb6 21. Bg4 Bxg4 22. Qxg4 Rb7 23. Rad1 Bc5 24. Rd5 Qb6 25. Nd3 Bd4 26. h5 h6 27. Rc1 Qb3 28. Qe2 f5 29. exf5 Rxf5 30. Rxd6 Rbf7 31. Rd8+ Kh7 32. Qe4 Bxf2+ 33. Kg2 Qb7 34. Rd5 Kg8 35. g4 Qe7 36. gxf5 Qg5+ 37. Kxf2 Rxf5+ 38. Ke2 1-0

[Event "EU-ch U14 17th"]
[Site "Sibenik"]
[Date "2007.09.14"]
[Round "1"]
[White "Azad, Razik"]
[Black "Kanarek, Marcel"]
[Result "0-1"]
[WhiteElo "1976"]
[BlackElo "2226"]
[PlyCount "64"]
[EventDate "2007.09.14"]
[EventType "swiss"]
[EventRounds "9"]
[EventCountry "CRO"]
[SourceTitle "CBM 120 Extra"]
[Source "ChessBase"]
[SourceDate "2007.11.01"]
[SourceVersion "1"]
[SourceVersionDate "2007.11.01"]
[SourceQuality "1"]

1. e4 c5 2. Nf3 Nc6 3. d4 cxd4 4. Nxd4 e5 5. Nb5 d6 6. N1c3 a6 7. Na3 b5 8. Nd5 Nge7 9. c4 Nd4 10. cxb5 Nxd5 11. exd5 Be7 12. Bd3 0-0 13. 0-0 f5 14. f4 Nxb5 15. Nxb5 axb5 16. Kh1 Bd7 17. Qb3 e4 18. Bxb5 Rb8 19. a4 Qa5 20. Qc3 Rxb5 21. b4 Qxb4 22. Qg3 Rxd5 23. Ba3 Qc4 24. Bb2 Bf6 25. Bxf6 Rxf6 26. Rfc1 Qd3 27. Qg5 h6 28. Qh5 Kh7 29. h3 Rg6 30. Rc7 Bxa4 31. Qh4 Qc2 32. Rg1 Rd1 0-1

[Event "AUT-ch U18"]
[Site "Bad Ischl"]
[Date "2007.04.02"]
[Round "4"]
[White "Azad, Razik"]
[Black "Bisztyga, Oliver"]
[Result "1-0"]
[WhiteElo "1974"]
[BlackElo "1600"]
[PlyCount "145"]
[EventDate "2007.03.31"]
[EventType "swiss"]
[EventRounds "7"]
[EventCountry "AUT"]
[SourceTitle "EXT 2008"]
[Source "ChessBase"]
[SourceDate "2007.11.25"]
[SourceVersion "1"]
[SourceVersionDate "2007.11.25"]
[SourceQuality "1"]

1. e4 e6 2. d4 d5 3. Nd2 dxe4 4. Nxe4 Bd7 5. Nf3 Bc6 6. Bd3 Nd7 7. 0-0 Ngf6 8. Nxf6+ Nxf6 9. c3 Be7 10. Ne5 Qd5 11. Nxc6 Qxc6 12. Qe2 0-0 13. Bg5 Qb6 14. Rad1 c6 15. Bb1 Qb5 16. Qxb5 cxb5 17. a3 Rfd8 18. Bd3 a6 19. Be2 Rd7 20. f4 Nd5 21. Bxe7 Rxe7 22. Rf3 Rc7 23. Bd3 g6 24. h4 f5 25. Re1 Kf7 26. g3 h5 27. Rf2 Rd8 28. Rfe2 Rd6 29. Bc2 Kf6 30. Bb3 Rcc6 31. Re5 Nb6 32. Kf2 Nc4 33. Bxc4 bxc4 34. R1e2 Rd5 35. Ke1 Rb6 36. Kd1 a5 37. a4 Rbd6 38. Kc2 Ke7 39. Rxd5 Rxd5 40. b3 cxb3+ 41. Kxb3 b6 42. Kc4 Kd7 43. Rb2 Kc7 44. Rb5 Kc6 45. Rb1 Kc7 46. Kd3 Kc6 47. c4 Rd7 48. Rb5 Rd8 49. Re5 Re8 50. d5+ Kd6 51. Kd4 Re7 52. Rxe6+ Rxe6 53. dxe6 Kxe6 54. c5 bxc5+ 55. Kxc5 Ke7 56. Kd5 Kd7 57. Kc5 Kc7 58. Kb5 Kd6 59. Kxa5 Kc5 60. Ka6 Kd4 61. Kb5 Ke4 62. a5 Kf3 63. a6 Kxg3 64. a7 Kxh4 65. a8Q Kg3 66. Kc4 Kxf4 67. Kd3 g5 68. Ke2 g4 69. Qb8+ Kg5 70. Qd8+ Kf4 71. Qd6+ Kg5 72. Qe7+ Kf4 73. Qe3# 1-0

[Event "AUT-ch U18"]
[Site "Bad Ischl"]
[Date "2007.03.31"]
[Round "2"]
[White "Azad, Razik"]
[Black "Reinwald, Patrick"]
[Result "1-0"]
[WhiteElo "1974"]
[BlackElo "1865"]
[PlyCount "79"]
[EventDate "2007.03.31"]
[EventType "swiss"]
[EventRounds "7"]
[EventCountry "AUT"]
[SourceTitle "EXT 2008"]
[Source "ChessBase"]
[SourceDate "2007.11.25"]
[SourceVersion "1"]
[SourceVersionDate "2007.11.25"]
[SourceQuality "1"]

1. e4 e5 2. Nf3 Nc6 3. Bb5 Nf6 4. 0-0 Nxe4 5. d4 Nd6 6. Bxc6 dxc6 7. dxe5 Nf5 8. Qxd8+ Kxd8 9. Nc3 Ke8 10. Bf4 Be6 11. Rad1 Be7 12. Ne4 h6 13. Rd2 Rd8 14. Rfd1 Rxd2 15. Rxd2 a5 16. a3 Bd5 17. Ng3 Nxg3 18. hxg3 Bc5 19. Rd1 g5 20. Bd2 Bxf3 21. gxf3 a4 22. f4 gxf4 23. Bxf4 h5 24. Kg2 Ke7 25. Bg5+ Ke6 26. f4 Re8 27. Kf3 Be7 28. Bxe7 Kxe7 29. f5 Rg8 30. Rd4 b5 31. Rh4 Rg5 32. Kf4 f6 33. e6 c5 34. g4 hxg4 35. Rxg4 Rh5 36. Rg7+ Kd8 37. Rd7+ Ke8 38. Rxc7 Rh4+ 39. Ke3 Rc4 40. c3 1-0

[Event "AUT-ch U14"]
[Site "St Georgen"]
[Date "2007.??.??"]
[Round "3"]
[White "Azad, Razik"]
[Black "Hartl, Daniel"]
[Result "1-0"]
[WhiteElo "1974"]
[BlackElo "1969"]
[PlyCount "111"]
[EventDate "2007.05.??"]
[EventType "swiss"]
[EventRounds "7"]
[EventCountry "AUT"]
[SourceTitle "EXT 2008"]
[Source "ChessBase"]
[SourceDate "2007.11.25"]
[SourceVersion "1"]
[SourceVersionDate "2007.11.25"]
[SourceQuality "1"]

1. e4 Nf6 2. e5 Nd5 3. d4 d6 4. Bc4 Nb6 5. Bb3 Nc6 6. exd6 exd6 7. c3 Bf5 8. Qe2+ Be7 9. g4 Bg6 10. f4 Bxb1 11. Rxb1 0-0 12. h4 Re8 13. Kf1 Qd7 14. f5 Na5 15. Qd3 Nxb3 16. axb3 c5 17. d5 Bf6 18. Bg5 Qe7 19. Bxf6 Qxf6 20. Nf3 g6 21. Kf2 Kh8 22. Rbe1 Nd7 23. h5 gxf5 24. g5 Qg7 25. Qxf5 f6 26. g6 Ne5 27. Reg1 Nxf3 28. Qxf3 h6 29. Re1 Re5 30. Rxe5 fxe5 31. Qe3 Rf8+ 32. Ke2 Rf4 33. Rf1 Rxf1 34. Kxf1 Qf6+ 35. Ke2 Kg7 36. Qh3 e4 37. Qd7+ Kf8 38. Qc8+ Kg7 39. Qxb7+ Kf8 40. Qa8+ Kg7 41. Qxa7+ Kf8 42. Qb8+ Kg7 43. Qc7+ Kf8 44. Qc8+ Kg7 45. Qd7+ Kf8 46. Qf7+ Qxf7 47. gxf7 Kxf7 48. Ke3 Kf6 49. b4 Ke5 50. b5 Kxd5 51. c4+ Ke6 52. Kxe4 Kd7 53. Kd5 Kc7 54. Ke6 Kb6 55. Kxd6 Kb7 56. Kxc5 1-0

[Event "AUT-ch U14"]
[Site "St Georgen"]
[Date "2007.??.??"]
[Round "4"]
[White "Halvax, Georg"]
[Black "Azad, Razik"]
[Result "0-1"]
[WhiteElo "2008"]
[BlackElo "1974"]
[PlyCount "118"]
[EventDate "2007.05.??"]
[EventType "swiss"]
[EventRounds "7"]
[EventCountry "AUT"]
[SourceTitle "EXT 2008"]
[Source "ChessBase"]
[SourceDate "2007.11.25"]
[SourceVersion "1"]
[SourceVersionDate "2007.11.25"]
[SourceQuality "1"]

1. e4 c5 2. Nf3 d6 3. d4 cxd4 4. Nxd4 Nf6 5. Nc3 a6 6. Be3 e5 7. Nb3 Be6 8. f3 Nbd7 9. Qd2 Be7 10. 0-0-0 b5 11. g4 0-0 12. g5 b4 13. Ne2 Ne8 14. f4 a5 15. f5 a4 16. Nbd4 exd4 17. Nxd4 b3 18. Kb1 bxc2+ 19. Nxc2 Bb3 20. axb3 axb3 21. Na3 Ne5 22. h4 Ra5 23. Qb4 Qa8 24. Bb6 Ra4 25. Qxb3 Qxe4+ 26. Bd3 Nxd3 27. Qxd3 Qb7 28. Rde1 d5 29. Rxe7 Qxe7 30. Qxd5 Qd6 31. Qc5 Qd3+ 32. Kc1 Rf4 33. Rd1 Rf1 34. Rxf1 Qxf1+ 35. Kc2 Qe2+ 36. Kc3 Qe1+ 37. Kc2 Qe4+ 38. Kc1 f6 39. g6 hxg6 40. fxg6 Qxg6 41. b4 Qh6+ 42. Kc2 Qxh4 43. Qd5+ Rf7 44. Qe6 Qh2+ 45. Kb3 Qe5 46. Qc8 Re7 47. Nc4 Qe6 48. Qxe6+ Rxe6 49. b5 Nd6 50. Nxd6 Rxd6 51. Bc7 Rd1 52. b6 Rb1+ 53. Kc4 Kf7 54. Kd5 Ke7 55. Kc6 Re1 56. Kb7 Kd7 57. Bf4 Rb1 58. Be3 g5 59. Ka8 Kc6 0-1

[Event "AUT-ch U14"]
[Site "Deutschlandsberg"]
[Date "2006.??.??"]
[Round "2"]
[White "Azad, Razik"]
[Black "Lumetzberger, Dominik"]
[Result "1/2-1/2"]
[WhiteElo "1846"]
[BlackElo "1673"]
[PlyCount "100"]
[EventDate "2006.06.??"]
[EventType "swiss"]
[EventRounds "7"]
[EventCountry "AUT"]
[SourceTitle "EXT 2009"]
[Source "ChessBase"]
[SourceDate "2008.11.26"]
[SourceVersion "1"]
[SourceVersionDate "2008.11.26"]
[SourceQuality "1"]

1. e4 c5 2. Nf3 d6 3. Bb5+ Nd7 4. 0-0 a6 5. Be2 Ngf6 6. d3 g6 7. c4 Bg7 8. Nc3 0-0 9. Qc2 b6 10. b3 b5 11. Bb2 b4 12. Nd5 e6 13. Ne3 Bb7 14. Rfe1 e5 15. Nd5 Nxd5 16. exd5 f5 17. Rf1 g5 18. Qd2 f4 19. h3 h5 20. Nh2 Nf6 21. Bf3 Bc8 22. Qe2 Qe8 23. Rae1 Qg6 24. Be4 Nxe4 25. dxe4 g4 26. hxg4 hxg4 27. Qd3 f3 28. Bc1 fxg2 29. Kxg2 Rf3 30. Qd2 Rh3 31. Qg5 Qxg5 32. Bxg5 Bf8 33. Re3 Ra7 34. Rg3 Rg7 35. Be3 Be7 36. Rg1 Bh4 37. Rxh3 gxh3+ 38. Kf1 Rxg1+ 39. Kxg1 Kg7 40. Nf3 Bf6 41. Kh2 Bg4 42. Kg3 h2 43. Nxh2 Bd1 44. Nf3 Bc2 45. Nd2 a5 46. Kg4 Kg6 47. f3 Bd3 48. Kh3 Be7 49. f4 Bf6 50. f5+ Kh5 1/2-1/2

[Event "AUT-ch U14"]
[Site "Deutschlandsberg"]
[Date "2006.??.??"]
[Round "6"]
[White "Hartl, Daniel"]
[Black "Azad, Razik"]
[Result "1-0"]
[WhiteElo "1865"]
[BlackElo "1846"]
[PlyCount "91"]
[EventDate "2006.06.??"]
[EventType "swiss"]
[EventRounds "7"]
[EventCountry "AUT"]
[SourceTitle "EXT 2009"]
[Source "ChessBase"]
[SourceDate "2008.11.26"]
[SourceVersion "1"]
[SourceVersionDate "2008.11.26"]
[SourceQuality "1"]

1. e4 c5 2. Nf3 d6 3. c3 Nf6 4. Be2 e6 5. 0-0 Be7 6. Re1 0-0 7. Bf1 Nc6 8. d4 cxd4 9. cxd4 d5 10. e5 Ne4 11. Bd3 Ng5 12. Nxg5 Bxg5 13. f4 Be7 14. Re3 Qb6 15. Bxh7+ Kxh7 16. Qh5+ Kg8 17. Rh3 f6 18. Qh7+ Kf7 19. Qh5+ Kg8 20. Qh7+ Kf7 21. Qh5+ g6 22. Qh7+ Ke8 23. Qxg6+ Kd7 24. Nc3 fxe5 25. fxe5 Qxd4+ 26. Be3 Qxe5 27. Rd1 Qf5 28. Qg3 Bd6 29. Qe1 a6 30. Na4 Ke8 31. Nb6 Rb8 32. Bh6 Rg8 33. Kh1 Qg4 34. Rd2 Ne7 35. a3 Bd7 36. Rh4 Qg6 37. Bf4 Bxf4 38. Rxf4 Bc6 39. g3 d4+ 40. Kg1 Nf5 41. Re2 Kf7 42. Rxf5+ exf5 43. Re7+ Kf8 44. Qb4 Rd8 45. Rd7+ Qd6 46. Qxd6+ 1-0